Del racismo a la interculturalidad: competencia de la educación /

Entre los casos de marginación que la educación ha tocado está el caso de los inmigrantes, el cual da lugar a una marginación cultural. La inevitable sumisión de una cultura minoritaria a una cultura dominante provoca gran numero de problemas humanos y educacionales. Los problemas interculturales y...

詳細記述

保存先:
書誌詳細
第一著者: García Martínez, Alfonso
その他の著者: Sáez Carreras, Juan
フォーマット: テキスト
言語:Spanish
出版事項: Madrid: NARCEA, S.A., DE EDICIONES 1998
主題:
タグ: タグ追加
タグなし, このレコードへの初めてのタグを付けませんか!

MARC

LEADER 00000 a a2200000 04500
001 34444
003 cru CIDCACS/IIS
005 20230703082429.0
008 230703e1998 sp ||||| |||| 00| 0 spa d
020 |a 84-277-1243-X  
022 |a 84-277-1243-X  
040 |c CRAI/IIS 
090 |a 04.02.04 M385r  
100 |a García Martínez, Alfonso  
245 |a Del racismo a la interculturalidad: competencia de la educación /  |a García Martínez, Alfonso  
260 |a Madrid:   |b NARCEA, S.A., DE EDICIONES   |c 1998 
300 |a 253 páginas 
520 |a Entre los casos de marginación que la educación ha tocado está el caso de los inmigrantes, el cual da lugar a una marginación cultural. La inevitable sumisión de una cultura minoritaria a una cultura dominante provoca gran numero de problemas humanos y educacionales. Los problemas interculturales y raciales suelen ir juntos y no debemos confundirlos: la interculturalidad es un fenómeno natural e inevitable, la actitud racista, en cambio, es fruto de unos prejuicios, de un nacionalismo cerrado y de una falta de socialidad básica. Por ello la educación intercultural se encarga de proponer un tipo de práctica escolar, en la que los educadores trabajan por mejorar las posibilidades reales de convivencia y de justicia social  
650 |a DISCRIMINACION RACIAL  
650 |a REPRESENTACION SOCIAL  
650 |a TEORIA  
650 |a EDUCACION  
650 |a ESPAÑA  
700 |a Sáez Carreras, Juan  
942 |2 ddc  |c LI  |h 04.02.04 M385r   |i 02430  |6 040204_M385R_02430 
999 |c 14214  |d 14214